000 00503nam a2200181Ia 4500
001 13443
005 20260306164801.0
008 260306t2016||||xx |||||||||||||| ||spa||
041 _aESP
082 _a004.16
_bK21
100 _aKant, Krishna
_eAUT
245 0 _aMicroprocessors and microcontrollers:
_barchitecture, programming and system design 8085, 8086, 8051, 8096
260 _c2016
300 _axxiv, 852 páginas :
_c23 cm.
650 _aGEN
654 _aCCC
942 _cLIB
_dJUS
_fJUS
_2ddc
_n
999 _c13443
_d13443